Paul Samuel
N/A
Categories
Fine Arts - Painting | 0 | 2 | 0 | 0 | 20 | 110 | 123.00 | 0 | 0 |
Science - Biology | 0 | 1 | 0 | 0 | 10 | 107 | 107.00 | 0 | 0 |
Fine Arts - Music | 0 | 1 | 0 | 0 | 10 | 91 | 91.00 | 0 | 0 |
History - American | 0 | 1 | 0 | 0 | 10 | 112 | 112.00 | 0 | 0 |
History - Cross, Historiography, and Miscellaneous | 0 | 1 | 0 | 0 | 10 | 124 | 124.00 | 0 | 0 |
Other - Other Academic and General Knowledge | 0 | 1 | 0 | 0 | 10 | 126 | 126.00 | 0 | 0 |
RMP - Hebrew Bible | 0 | 1 | 0 | 0 | 10 | 130 | 130.00 | 0 | 0 |
Fine Arts - Miscellaneous | 0 | 0 | 0 | 0 | 0 | 0.00 | 0 | 0 | |
RMP - Greco-Roman Mythology | 0 | 0 | 0 | 0 | 0 | 0.00 | 0 | 0 | |
Fine Arts - Architecture | 0 | 0 | 0 | 0 | 0 | 0.00 | 0 | 0 | |
Geography - United States | 0 | 0 | 0 | 0 | 0 | 0.00 | 0 | 0 | |
Current Events - World | 0 | 0 | 0 | 0 | 0 | 0.00 | 0 | 0 |